000 00385 a2200109 4500
001 ART_44823
005 20260410162005.0
008 260409a
245 1 0 _aRegional employment and wages. The effects of transport costs and market potential
100 1 _aMoncarz, Pedro E.
773 0 _tRevista de economía y estadística
_g- Vol. XLV, Nº 1 (oct. 2007)
_wREV34359
999 _c31598
_d31598